| 000 | 00727nam a22002537i 4500 | ||
|---|---|---|---|
| 001 | IT\ICCU\RAV\2043697 | ||
| 003 | ItRI | ||
| 005 | 20260306111230.0 | ||
| 008 | 160611s2015 it |||||| ||||| |||||c | ||
| 020 | _a9788842555162 | ||
| 040 |
_bita _cNP |
||
| 041 | 7 |
_aita _2ISO-639-2 |
|
| 082 |
_a305.90664092 _221 |
||
| 100 | 1 |
_aRomano, Monica, _d (1979 - ) _0IT\ICCU\UBOV\236571 |
|
| 240 | 1 | 0 |
_aTrans _9Romano, Monica <1979 - > |
| 245 | 1 | 0 |
_aTrans : _bstorie di ragazze XY / _cMonica Romano. |
| 260 |
_aMilano : _bMursia, _c2015 |
||
| 300 |
_a189 p. ; _c21 cm |
||
| 650 | 7 |
_aTransessuali _xMemorie _2nsbncf |
|
| 830 | 0 |
_aMemoirs _0IT\ICCU\LO1\1169841 |
|
| 942 |
_2ddc _cBK |
||
| 981 | 1 |
_6z01 _ai _bxxxe |
|
| 982 | 1 |
_6z01 _an |
|
| 999 |
_c28837 _d28837 |
||